Central Library OPAC University of Rajshahi

Out-interviewing the interviewer : (Record no. 14590)

MARC details
000 -LEADER
fixed length control field 00932pam a2200289 a 4500
001 - CONTROL NUMBER
control field 14590
003 - CONTROL NUMBER IDENTIFIER
rucl marc code BD-RjUL
005 - DATE AND TIME OF LATEST TRANSACTION
control field 20211208235645.0
008 - FIXED-LENGTH DATA ELEMENTS--GENERAL INFORMATION
fixed length control field 140206s1983 njua b 001 0 eng
020 ## - INTERNATIONAL STANDARD BOOK NUMBER
International Standard Book Number 0136451276 (pbk.)
International Standard Book Number 0136451357 (hard)
035 ## - SYSTEM CONTROL NUMBER
System control number (BD-RjUL)14643
040 ## - CATALOGING SOURCE
Original cataloging agency DLC
Transcribing agency DLC
Modifying agency DLC
-- BD-RjUL
Language of cataloging eng
041 ## - LANGUAGE CODE
Language code of text/sound track or separate title eng
082 00 - DEWEY DECIMAL CLASSIFICATION NUMBER
Classification number 650.14
Edition number 19
Author mark and year MEO 1983
100 1# - MAIN ENTRY--PERSONAL NAME
Personal name Merman, Stephen K.
9 (RLIN) 45483
245 10 - TITLE STATEMENT
Title Out-interviewing the interviewer :
Remainder of title a job winner's script for success /
Statement of responsibility, etc. Stephen K. Merman, John E. McLaughlin.
260 ## - PUBLICATION, DISTRIBUTION, ETC. (IMPRINT)
Place of publication, distribution, etc. Englewood Cliffs, N.J. :
Name of publisher, distributor, etc. Prentice-Hall,
Date of publication, distribution, etc. c1983.
300 ## - PHYSICAL DESCRIPTION
Pagination xi, 223 p. :
Illustrations ill. ;
Size 24 cm.
500 ## - GENERAL NOTE
General note "A Spectrum book."
504 ## - BIBLIOGRAPHY, ETC. NOTE
Bibliography, etc Includes bibliographical references and index.
650 #0 - SUBJECT ADDED ENTRY--TOPICAL TERM
Topical term or geographic name as entry element Employment interviewing.
9 (RLIN) 43716
700 1# - ADDED ENTRY--PERSONAL NAME
Personal name McLaughlin, John E.
942 ## - ADDED ENTRY ELEMENTS (KOHA)
Source of classification or shelving scheme Dewey Decimal Classification
Koha item type Books
Holdings
Lost status Source of classification or shelving scheme Damaged status Not for loan Collection code Permanent Location Current Location Shelving location Date acquired Source of acquisition Total Checkouts Full call number Date last seen Copy number Koha item type
  Dewey Decimal Classification     Non-fiction Central Library, University of Rajshahi Central Library, University of Rajshahi   05/06/1985 Asia foundation   650.14 MEO 1983 06/02/2014 C-2 Books
  Dewey Decimal Classification     Non-fiction Central Library, University of Rajshahi Central Library, University of Rajshahi   05/06/1985 Asia foundation   650.14 MEO 1983 06/02/2014 C-5 Books
  Dewey Decimal Classification   Not For Loan Non-fiction Central Library, University of Rajshahi Central Library, University of Rajshahi Reading Room 05/06/1985 Asia foundation   650.14 MEO 1983 13/06/2017 C-1 Books